| 000 | 00361nam a2200145 a 4500 | ||
|---|---|---|---|
| 001 | 4364 | ||
| 003 | CDMR | ||
| 005 | 20130220093332.0 | ||
| 008 | 130130s1998||||||||||||||||||||||||||||d | ||
| 040 |
_aCDMR _bcat _cCPC GIRONA |
||
| 110 |
_92849 _aBegur _bAjuntament |
||
| 245 | 3 | _aEl centenari del mestre Sirés | |
| 260 |
_c1998 _bAjuntament de Begur |
||
| 942 |
_cMON _2ddc |
||
| 999 |
_c4364 _d4364 |
||